=LDR 00000nam 2200000 4500 =001 INLIS000000000006764 =005 20251114083446 =035 ##$$a 0010-1125000638 =007 ta =008 251114###########################0#ind## =082 ##$$a 363.96 =084 ##$$a 363.96 RAT t =100 #$$a Ratnaningsih Suparto =245 1#$$a The Role Of Army Wifes Organization In Family Planning In West Java Indonesia /$c Badan Koordinasi Keluarga Berencana Nasional =260 ##$:$b Badan Koordinasi Keluarga Berencana Nasional =300 ##$$a 7 Hal : $b Ilus ; $c 21 =650 #4$$a Keluarga Berencana =856 ##$$a Perpustakaan Kemendukbangga